000 00402pab a2200157 454500
008 180718b2003 xxu||||| |||| 00| 0 eng d
100 _aSinha, Piyush Kumar
245 _aShopping orientation in the evolving Indian market
260 _c2003
300 _ap.13-22.
362 _aApr-Jun
650 _aFinancial markets - India
650 _aFinancial markets
773 _aVikalpa
909 _a57153
999 _c57153
_d57153